Sabiduría y sabios en Israel

Bewaard in:
Bibliografische gegevens
Hoofdauteur: Vílchez Líndez, José (Auteur)
Formaat: Boek
Taal:Spaans
Gepubliceerd in: Pamplona Verbo Divino 1995
Reeks:Colección El Mundo de la Biblia
Onderwerpen:
Tags: Voeg label toe
Geen labels, Wees de eerste die dit record labelt!

MARC

LEADER 00000nam a2200000 a 4500
001 UCP4127
003 CL-VaPUC
008 990724e19950000SP |||||||||||||||||spa|d
082 0 4 |a 223  |b VIL  |2 21 
100 0 |a Vílchez Líndez, José  |e author  |9 431551 
245 1 0 |a Sabiduría y sabios en Israel 
300 |a 364 p 
942 |c BK 
945 |d 19990724 00:00:00  |a rbrito 
260 |a Pamplona  |b Verbo Divino  |c 1995 
650 0 |a Profetas  |9 314377 
650 0 |a Antiguo testamento   |9 313678 
650 0 |a Biblia  |9 257603 
650 0 |a Proverbios   |9 269154 
651 0 |a Mesopotamia  |9 314286 
651 0 |a Egipto   |9 268199 
583 |a last modification  |c 20130402 06:16:29  |k Rodrigo Vera 
490 0 |a Colección El Mundo de la Biblia 
999 |c 282191  |d 282189 
952 |0 0  |1 0  |4 0  |6 223_000000000000000_VIL_1995  |7 0  |8 A  |9 323703  |a BIBTEO  |b BIBTEO  |d 2019-11-20  |i 3519368  |l 1  |o 223 VIL 1995  |p 3519368  |r 2025-01-17  |s 2023-10-13  |w 2019-11-20  |y BK  |k ICR